Borboleta (Registo nº 4447)

Detalhes MARC
000 -Etiqueta do registo
Cabeçalho 00663nam a2200253 4500
005 - Identificador da versão
Campo de controlo 20240813122101.0
010 ## - Número internacional normalizado dos livros (ISBN)
Número (ISBN) 9728193017
035 ## - Other System Control Numbers
System Control Number CMPEN_BC_151.iso/08-07-2009/10849
System Control Number 2195058
100 ## - Dados gerais de processamento
Dados gerais de processamento 19970514d1994 a y0pory5003 ba
102 ## - Pais de publicação ou produção
País de publicação Portugal
101 1# - Língua de publicação
Língua do texto, banda sonora, etc. Português
Língua do documento no original Inglês
215 ## - Descrição física 
Indicação específica da natureza do documento e extensão da espécie 21p
Outras indicações físicas il
Dimensões 21cm
200 1# - Titulo e menção de responsabilidade
Título próprio Borboleta
Primeira menção de responsabilidade fotografia de Kim Taylor
225 1# - Colecção 
Título próprio da colecção Vejam Como Eles Crescem
Indicação de volume 4
210 ## - Publicação, Distribuição, etc. 
Lugar da edição, distribuição, etc. [S.l.]
Nome do editor, distribuidor, etc. Nova Presença
Data da publicação, distribuição, etc. 1994
300 ## - Notas gerais 
Texto da nota obra repetida
675 ## - Classificação Decimal Universal (CDU)
Notação 598.412
Edição 2
Língua da edição por
702 #1 - Nome de autor-pessoa física (responsabilidade secundária)
Número de registo de entrada de autoridade 0001289
Palavra de ordem Watts
Outra parte do nome não tomada para palavra de ordem Barrie
Código de função Fotógrafo
966 ## - Identificação da Biblioteca
Sigla EBVendas
942 ## - Elementos de entrada adicionados (Koha)
Tipo de item no Koha Livro
Exemplares
Situação do levantamento Origin of item (home branch) (coded) Biblioteca de empréstimo Código de barras Cota Circulation type (not for loan) Tipo de documento Nota do exemplar Damaged status
  Biblioteca Escolar das Vendas Biblioteca Escolar das Vendas BEV617 | 1994 5 ZOO VEJ   Livro Sem mensagem